000 00366nam a2200145Ia 4500
008 200103s9999||||xx |||||||||||||| ||und||
020 _a0713132108,
040 _aIMU-MPC
082 _aColumn-47
100 _aStephens, R. C.
245 0 _aStrength of Materials Theory and Examples
260 _bEdward Arnold & Co., London
_c1974
300 _ax, 310
942 _cBK
999 _c9513
_d9513